| 000 | 00863cam a2200265 a 4500 | ||
|---|---|---|---|
| 001 | 24582 | ||
| 003 | BD-RjUL | ||
| 005 | 20211209001054.0 | ||
| 008 | 140313r19671959enk b 001 0 eng d | ||
| 035 | _a(BD-RjUL)24651 | ||
| 040 |
_aOCP _cOCP _dm/c _dTEU _dEQO _dBD-RjUL _beng |
||
| 041 | 1 |
_aeng _hgrc |
|
| 082 | 0 | 4 |
_a939.45 _bJOJ 1967 |
| 100 | 1 |
_aJosephus, Flavius. _975654 |
|
| 245 | 1 | 4 |
_aThe Jewish war / _cJosephus ; translated with an introduction by G. A. Williamson. |
| 260 |
_aHarmondsworth : _bPenguin, _c1959 [reprinted 1967]. |
||
| 300 |
_a413 p. : _bmaps, geneal. table ; _c18 cm. |
||
| 504 | _aincludes index. | ||
| 650 | 0 |
_aJews _xHistory _y586 B.C.-70 A.D. _974843 |
|
| 830 | 0 |
_vL90. _975665 |
|
| 700 | 1 |
_aWilliamson, G. A. _q(Geoffrey Arthur), _d1895- _975656 |
|
| 830 | 0 |
_aPenguin classics ; _975666 |
|
| 942 |
_2ddc _cBK |
||
| 999 |
_c24582 _d24582 |
||